| 000 | 00652nam a2200205Ia 4500 | ||
|---|---|---|---|
| 003 | GCL | ||
| 008 | 140319s9999 xx 000 0 ara d | ||
| 040 |
_aGCL / _cGCL |
||
| 082 | 0 | 4 |
_aق _b953.08 _bع ر |
| 100 | 1 | _aعبدالعزيز محمود عبدالدايم | |
| 245 | 1 | 0 |
_aالرق فى مصر فى العصور الوسطى / _cعبدالعزيز محمود عبدالدايم |
| 260 |
_a[S.N] : _bمكتبة نهضة الشرق ، _c1983 |
||
| 300 | _a75 ص | ||
| 490 | _a | ||
| 650 | 0 | 4 | _aمصر |
| 650 | 0 | 4 | _aالتاريخ الاسلامى |
| 650 | 0 | 4 | _aالرقيق |
| 650 | 0 | 4 | _aالحضارة الاسلامية |
| 942 |
_2ddc _cBK |
||
| 999 |
_c35774 _d35774 |
||